| 000 | 00433nam a2200169Ia 4500 | ||
|---|---|---|---|
| 008 | 221030s9999 xx 000 0 und d | ||
| 020 | _a0074519654 | ||
| 041 | _aEnglish | ||
| 082 | _a105.23 | ||
| 100 | _aN. N. Bhargava | ||
| 245 | 0 |
_aBasic Electronics & Linear Circuits _cby N. N. Bhargava, D. C. Kulshreshtha |
|
| 260 |
_bTMH _aNew Delhi _c1989 |
||
| 300 | _a490 | ||
| 650 | _aECE | ||
| 700 | _aD. C. Kulshreshtha | ||
| 942 | _cBK | ||
| 999 |
_c6072 _d6072 |
||